Dans quel film trouve t-on ce personnage ? - Statistiques

Statistiques générales
  • Ce quiz a été pris 139 fois
  • Le résultat moyen est 15 sur 30
Statistiques - réponses
Hint Extra Hint Réponse % Correct
Chewbacca Peter Mayhew Star Wars
94%
Don Vito Corleone Marlon Brando Le Parrain
78%
Tyler Durden Brad Pitt Fight Club
76%
Sarah Connor Linda Hamilton Terminator
73%
Vincent Vega John Tavolta Pulp Fiction
70%
Vivian Ward Julia Roberts Pretty Woman
67%
Kevin McCallister Macaulay Culkin Maman, j'ai raté l'Avion !
66%
Hugh Glass Leonardo Di Caprio The Revenant
66%
John Keating Robin Williams Le Cercle des Poètes disparus
63%
Korben Dallas Bruce Willis Le Cinquième Elément
58%
L'homme à l'Harmonica Charles Bronson Il était une fois dans l'Ouest
57%
Jamal Malik Dev Patel Slumdog Millionaire
55%
Jospeh Cooper Matthew McConaughey Interstellar
49%
Norman Bates Anthony Perkins Psychose
49%
O-Ren Ishii Lucy Liu Kill Bill
48%
Wanda Gershwitz Jamie Lee Curtis Un poisson nommé Wanda
47%
Lieutenant Dan Taylor Gary Sinise Forrest Gump
42%
Paul Edgecomb Tom Hanks La Ligne Verte
42%
Lester Burnham Kevin Spacey American Beauty
41%
Evey Hammond Natalie Portman V pour Vendetta
40%
Guillaume de Baskerville Sean Connery Le Nom de la Rose
39%
Andy Dufresne Tim Robbins Les évadés
31%
Molly Jensen Demi Moore Ghost
29%
Sidney Prescott Neve Campbell Scream
29%
Mark Renton Ewan McGregor Trainspotting
29%
Joe Miller Denzel Washington Philadelphia
28%
"Dressée avec le Poing" Mary McDonnell Danse avec les Loups
27%
Simon Phoenix Wesley Snipes Demolition Man
27%
Marge Gunderson Frances McDormand Fargo
23%
Annie Wilkes Kathy Bates Misery
20%
Aucun quiz correspondant
Distribution des résultats
% des personnes avec chaque résultat
Percentile par nombre de réponses
Votre historique - résultats
Vous n’avez pas pris ce quiz